000 01326nam a22003737a 4500
003 CHAP
005 20220329141023.0
008 971013s1996 r 00010 d
010 _a61412
011 _a62384
035 _a66558
040 _cCHAP
090 _aTesis
100 0 0 _aArias Osorio, Margarita del Consuelo.
_97065
245 _aUso del efluente de digestor de estiércol bovino como agua de bebida en pollos de engorda
260 _aChapingo, Méx. :
_bEl autor,
_c1996
300 _a49 h.
_b; gráfs.
502 _aTesis (Ing. Agr. Esp. en Zootecnia) -- UACH. Departamento de Zootecnia
590 _aALEPH
_b10
_c20130110
_lUCH01
_h1342
590 _aBATCH-UPD
_b10
_c20130110
_lUCH01
_h0326
590 _aBATCH-UPD
_b10
_c20130110
_lUCH01
_h1706
590 _aBATCH-UPD
_b10
_c20130409
_lUCH01
_h2358
590 _aBATCH-UPD
_b10
_c20130914
_lUCH01
_h0354
590 _aCONVERSION
_b10
_c20130109
_lUCH01
_h1333
650 1 4 _aAves de corral
_xAlimentación.
_98638
650 1 4 _aAves de corral
_xEngorda.
_98647
650 1 4 _aDigestores.
_932569
650 1 4 _aEstiércol fluído en alimentación animal.
_938330
700 0 _aArenas Becerril, David.
_96949
901 _aBK
942 _cFOLL
949 _bBC
_cTES
_d-151775
_eTS1
_h29706
_i66558
_si
949 _bBC
_cTES
_d33724000622940
_eTS2
_fc.2
_h29707
_i66558
_si
999 _c61412
_d61412